[Event "KEN-ch"]
[Site "Nairobi"]
[Date "2022.12.28"]
[Round "5"]
[White "Adorwa Kadenge, Brian"]
[Black "Marani, Caleb"]
[Result "1-0"]
[WhiteElo "1778"]
[BlackElo "1499"]
[PlyCount "25"]
[EventDate "2022.12.26"]
[EventType "swiss"]
[EventRounds "9"]
[EventCountry "KEN"]
[SourceTitle "EXT 2024"]
[Source "ChessBase"]
[SourceDate "2023.10.10"]
[SourceVersion "1"]
[SourceVersionDate "2023.10.10"]
[SourceQuality "1"]

1. d4 Nf6 2. c4 e6 3. Nf3 d5 4. Bg5 Be7 5. e3 b6 6. cxd5 Qxd5 7. Nc3 Qa5 8. Bb5+ c6 9. Bxf6 Bb4 10. Bxc6+ Nxc6 11. Bh4 Bxc3+ 12. Nd2 Nb4 13. 0-0 1-0